000 01339nam a2200313 c 4500
003 BLK
005 20180420231446.0
008 180409b bul|||||r ||||||| ||bul||
010 _aKNG00125861000
040 _aBLK
041 _aBUL
_cBUL
080 _aЯпонска литература
_b821.521
_x-32
_z821.521-32
100 1 _aАкутагава Рюносуке
_eпърви автор
_929919
700 1 _aПопова-Милева, Силвия
_eпрев. от япон.
_9316580
700 1 _aРюносуке Акутагава
_e*
_9118003
139 _aАкутагава Рюносуке
_bА 45
245 1 0 _aВратата Рашомон
_bРазкази
_cАкутагава Рюносуке; прев. от япон. Силвия Попова-Милева; * Рюносуке Акутагава.
257 _aJAP
260 София
_bПрофиздат
_c1979
300 _a192 с.
_c16 см
380 _aX
490 1 _aБиблиотека Факел
500 _aВ кн. авт. погрешно означен Рюносуке Акутагава. - Ориг. загл. на япон. ез.
852 _aЦб І 17575
856 4 _qpdf
_u
856 4 _qpdf
_u
942 _cKNG
_n0
944 _aCR
_c10.10.2011
_l10.10.2011 - от С1,Р / 10.10.2011
_kКети_Илиева
944 _aED
_c10.10.2011
_l10.10.2011 - от С1,Р / 10.10.2011
_k
999 _c120245
_d120245